ARRUPE JESUIT UNIVERSITY

CORONAVIRUS -STOP THE SPREAD - CLEAN,DISINFECT,COVER

Milton's minor poems (Record no. 130147)

MARC details
000 -LEADER
fixed length control field 00908cam a2200277 4500
001 - CONTROL NUMBER
control field 2658552
003 - CONTROL NUMBER IDENTIFIER
control field ARRUPE
005 - DATE AND TIME OF LATEST TRANSACTION
control field 20200121123617.0
008 - FIXED-LENGTH DATA ELEMENTS--GENERAL INFORMATION
fixed length control field 700309s1969 enk b 001 0 eng
010 ## - LIBRARY OF CONGRESS CONTROL NUMBER
LC control number 71443327
015 ## - NATIONAL BIBLIOGRAPHY NUMBER
National bibliography number B69-25926
020 ## - INTERNATIONAL STANDARD BOOK NUMBER
International Standard Book Number 0090979702
040 ## - CATALOGING SOURCE
Original cataloging agency DLC
Transcribing agency DLC
Modifying agency DLC
050 00 - LIBRARY OF CONGRESS CALL NUMBER
Classification number PR3581
Item number .L4 1969
300 ## - PHYSICAL DESCRIPTION
Dimensions 22 cm.
100 1# - MAIN ENTRY--PERSONAL NAME
Personal name Leishman, J. B.
Fuller form of name (James Blair),
Dates associated with a name 1902-1963.
9 (RLIN) 16112
245 10 - TITLE STATEMENT
Title Milton's minor poems
Statement of responsibility, etc [by] J.B. Leishman; edited, with a preface, by Geoffrey Tillotson.
260 ## - PUBLICATION, DISTRIBUTION, ETC. (IMPRINT)
Place of publication, distribution, etc London,
Name of publisher, distributor, etc Hutchinson,
Date of publication, distribution, etc 1969.
300 ## - PHYSICAL DESCRIPTION
Extent 360 p.
350 ## - PRICE (NR) (BK AM CF MU VM SE) [OBSOLETE]
Price 50/-
504 ## - BIBLIOGRAPHY, ETC. NOTE
Bibliography, etc Bibliographical footnotes.
600 10 - SUBJECT ADDED ENTRY--PERSONAL NAME
Personal name Milton, John,
Dates associated with a name 1608-1674
General subdivision Criticism and interpretation.
9 (RLIN) 48947
600 10 - SUBJECT ADDED ENTRY--PERSONAL NAME
Personal name Milton, John,
Dates associated with a name 1608-1674
General subdivision Sources.
9 (RLIN) 48948
700 1# - ADDED ENTRY--PERSONAL NAME
Personal name Tillotson, Geoffrey,
Relator term ed.
9 (RLIN) 48949
906 ## - LOCAL DATA ELEMENT F, LDF (RLIN)
a 7
b cbc
c orignew
d u
e ncip
f 19
g y-gencatlg
942 ## - ADDED ENTRY ELEMENTS (KOHA)
Source of classification or shelving scheme Library of Congress Classification
Koha item type Monograph ( Printed materials)
Holdings
Withdrawn status Lost status Source of classification or shelving scheme Damaged status Not for loan Collection code Home library Current library Shelving location Date acquired Total Checkouts Full call number Barcode Date last seen Price effective from Koha item type
    Library of Congress Classification     Main Collection ARRUPE LIBRARY ARRUPE LIBRARY Main Collection 21/01/2020   PR3581 .L4 1969 46600006160 21/01/2020 21/01/2020 Monograph ( Printed materials)

 

Arrupe Library. PO Box MP320 Mt Pleasant, Harare, Zimbabwe
263 242 745411|librarian@aju.ac.zw